Кадастровая оценка как инструмент стратегического планирования; Перспективы развития фундаментальных наук; Т. 5 : Экономика и управление

מידע ביבליוגרפי
Parent link:Перспективы развития фундаментальных наук=Prospects of Fundamental Sciences Development: сборник научных трудов XV Международной конференции студентов, аспирантов и молодых ученых, г. Томск, 24-27 апреля 2018 г./ Национальный исследовательский Томский политехнический университет (ТПУ) ; под ред. И. А. Курзиной, Г. А. Вороновой.— , 2018
Т. 5 : Экономика и управление.— 2018.— [С. 236-238]
מחבר ראשי: Полымская Д. С.
מחבר תאגידי: Национальный исследовательский Томский политехнический университет Инженерная школа природных ресурсов Отделение геологии
מחברים אחרים: Козина М. В. Мария Викторовна (научный руководитель)
סיכום:Заглавие с экрана
The article analyzes issues modern state improving of cadastral valuation methods. In this case, the role of the land and property complex in strategic and territorial planning is analyzed. The necessity of forecasting changes in the lands cadastral value for achieving strategic goals and the choice of town-planning solutions is shown.
שפה:רוסית
יצא לאור: 2018
נושאים:
גישה מקוונת:http://earchive.tpu.ru/handle/11683/50934
פורמט: MixedMaterials אלקטרוני Book Chapter
KOHA link:https://koha.lib.tpu.ru/cgi-bin/koha/opac-detail.pl?biblionumber=627695

MARC

LEADER 00000naa2a2200000 4500
001 627695
005 20240222105450.0
035 |a (RuTPU)RU\TPU\conf\27670 
035 |a RU\TPU\conf\27667 
090 |a 627695 
100 |a 20180921d2018 k y0rusy50 ca 
101 0 |a rus 
102 |a RU 
105 |a y z 100zy 
135 |a drcn ---uucaa 
181 0 |a i  
182 0 |a b 
200 1 |a Кадастровая оценка как инструмент стратегического планирования  |d Cadastral valuation as instrument for strategic planning  |f Д. С. Полымская, М. В. Козина  |g науч. рук. М. В. Козина 
203 |a Текст  |c электронный 
300 |a Заглавие с экрана 
320 |a [Библиогр.: с. 238 (2 назв.)] 
330 |a The article analyzes issues modern state improving of cadastral valuation methods. In this case, the role of the land and property complex in strategic and territorial planning is analyzed. The necessity of forecasting changes in the lands cadastral value for achieving strategic goals and the choice of town-planning solutions is shown. 
461 1 |0 (RuTPU)RU\TPU\conf\26928  |t Перспективы развития фундаментальных наук  |l Prospects of Fundamental Sciences Development  |o сборник научных трудов XV Международной конференции студентов, аспирантов и молодых ученых, г. Томск, 24-27 апреля 2018 г.  |o в 7 т.  |f Национальный исследовательский Томский политехнический университет (ТПУ) ; под ред. И. А. Курзиной, Г. А. Вороновой  |d 2018 
463 1 |0 (RuTPU)RU\TPU\conf\26933  |t Т. 5 : Экономика и управление  |v [С. 236-238]  |d 2018 
510 1 |a Cadastral valuation as instrument for strategic planning  |z eng 
610 1 |a электронный ресурс 
610 1 |a труды учёных ТПУ 
610 1 |a кадастровая оценка 
610 1 |a стратегическое планирование 
610 1 |a земельные ресурсы 
610 1 |a территориальное планирование 
610 1 |a налоги 
610 1 |a кадастровая стоимость 
700 1 |a Полымская  |b Д. С. 
701 1 |a Козина  |b М. В.  |c геолог  |c доцент Томского политехнического университета, кандидат технических наук  |f 1986-  |g Мария Викторовна  |3 (RuTPU)RU\TPU\pers\35691  |9 18851 
702 1 |a Козина  |b М. В.  |c геолог  |c старший преподаватель Томского политехнического университета  |f 1986-  |g Мария Викторовна  |4 727 
712 0 2 |a Национальный исследовательский Томский политехнический университет  |b Инженерная школа природных ресурсов  |b Отделение геологии  |3 (RuTPU)RU\TPU\col\23542 
801 2 |a RU  |b 63413507  |c 20181005  |g RCR 
856 4 |u http://earchive.tpu.ru/handle/11683/50934 
942 |c BK